Complete Estacode, Civil Establishment Code : (Record no. 353425)
[ view plain ]
| 000 -LEADER | |
|---|---|
| fixed length control field | 01162cam a22003134a 4500 |
| 001 - CONTROL NUMBER | |
| control field | 16719780 |
| 003 - CONTROL NUMBER IDENTIFIER | |
| control field | OSt |
| 005 - DATE AND TIME OF LATEST TRANSACTION | |
| control field | 20180116192407.0 |
| 008 - FIXED-LENGTH DATA ELEMENTS--GENERAL INFORMATION | |
| fixed length control field | 110404s2011 pk bl 000 0 eng |
| 010 ## - LIBRARY OF CONGRESS CONTROL NUMBER | |
| LC control number | 2011326923 |
| 025 ## - OVERSEAS ACQUISITION NUMBER | |
| Overseas acquisition number | P-E-2011326923 ; 46 |
| 040 ## - CATALOGING SOURCE | |
| Original cataloging agency | DLC |
| Transcribing agency | DLC |
| Modifying agency | DLC |
| 042 ## - AUTHENTICATION CODE | |
| Authentication code | lcode |
| -- | pcc |
| 043 ## - GEOGRAPHIC AREA CODE | |
| Geographic area code | a-pk--- |
| 050 00 - LIBRARY OF CONGRESS CALL NUMBER | |
| Classification number | 351.05491 |
| Item number | .A28 2011 |
| 082 ## - DEWEY DECIMAL CLASSIFICATION NUMBER | |
| Classification number | 351.05491 |
| 245 10 - TITLE STATEMENT | |
| Title | Complete Estacode, Civil Establishment Code : |
| Remainder of title | a compendium of laws, rules, regulations and and instruction relating to the terms and conditions of Federal Civil Servants. |
| Statement of responsibility, etc. | Corrected &Modified by Zaka Ali |
| Medium | vol.1 |
| 246 3# - VARYING FORM OF TITLE | |
| Title proper/short title | Estacode, Civil Establishment Code |
| 250 ## - EDITION STATEMENT | |
| Edition statement | New rev. ed. |
| 260 ## - PUBLICATION, DISTRIBUTION, ETC. | |
| Place of publication, distribution, etc. | Karachi : |
| Name of publisher, distributor, etc. | The Ideal Publishers, |
| Date of publication, distribution, etc. | 2011. |
| 300 ## - PHYSICAL DESCRIPTION | |
| Extent | vol.1 ; |
| Dimensions | 24 cm. |
| 500 ## - GENERAL NOTE | |
| General note | "A compendium of laws, rules, regulations and instruction relating to the terms and conditions of Federal Civil Servants". |
| 504 ## - BIBLIOGRAPHY, ETC. NOTE | |
| Bibliography, etc. note | Includes bibliographical references. |
| 650 #0 - SUBJECT ADDED ENTRY--TOPICAL TERM | |
| Topical term or geographic name entry element | Civil service |
| Geographic subdivision | Pakistan. |
| 9 (RLIN) | 149 |
| 700 ## - ADDED ENTRY--PERSONAL NAME | |
| Personal name | Zaka Ali |
| 9 (RLIN) | 150 |
| 906 ## - LOCAL DATA ELEMENT F, LDF (RLIN) | |
| a | 7 |
| b | cbc |
| c | origode |
| d | 2 |
| e | ncip |
| f | 20 |
| g | y-gencatlg |
| 942 ## - ADDED ENTRY ELEMENTS (KOHA) | |
| Source of classification or shelving scheme | |
| Koha item type | Reference |
| Withdrawn status | Lost status | Source of classification or shelving scheme | Damaged status | Not for loan | Permanent Location | Current Location | Date acquired | Source of acquisition | Full call number | Barcode | Date last seen | Copy number | Price effective from | Koha item type |
|---|---|---|---|---|---|---|---|---|---|---|---|---|---|---|
| School of Art Design and Architecture (SADA) | School of Art Design and Architecture (SADA) | 08/02/2011 | Donation | 351.05491EST 2011 | SADAD0000020 | 01/05/2017 | 01 | 01/05/2017 | Reference |
